=LDR 00000nam 2200000 4500 =001 INLIS000000000051255 =005 20170905022711 =035 ##$$a 0010-0917000059 =007 ta =008 170905###########################0###### =020 ##$$a 978-602-7996-98-4 =082 ##$$a 372.076 =084 ##$$a 372.076 LEN p =100 #$$a Leni Yongdae =245 1#$$a Paket Super Drill : Soal-Soal Ulangan Harian SMP/MTS Kelas IX /$c Leni Yongdae =260 ##$$a Yogyakarta :$b Trans Idea Publishing,$c 2015 =300 ##$$a 339 hlm : $b ilus. ; $c 24 =650 ##$$a Soal, Latihan-SMP =700 #$$a Hasti Kusuma Dewi =990 ##$$a 1035110351 =990 ##$$a 1035110351 =990 ##$$a 1035110351 =990 ##$$a 1035110351 =990 ##$$a 1035110351 =990 ##$$a 21704276 =990 ##$$a 01201710351 =990 ##$$a 01201710352 =990 ##$$a 01201710353 =990 ##$$a 01201710354 =990 ##$$a 21704277 =990 ##$$a 01201710351 =990 ##$$a 01201710352 =990 ##$$a 01201710353 =990 ##$$a 21704276 =990 ##$$a 21704278 =990 ##$$a 01201710351 =990 ##$$a 01201710352 =990 ##$$a 21704277 =990 ##$$a 21704276 =990 ##$$a 21704279 =990 ##$$a 01201710351 =990 ##$$a 21704278 =990 ##$$a 21704277 =990 ##$$a 21704276 =990 ##$$a 21704280 =990 ##$$a 21704279 =990 ##$$a 21704278 =990 ##$$a 21704277 =990 ##$$a 21704276